Biología 1 /
Guardado en:
| Autor Principal: | |
|---|---|
| Otros Autores: | |
| Formato: | Libro |
| Publicado: |
Buenos Aires :
Estrada,
1979
|
| Materias: | |
| Etiquetas: |
Agregar Etiqueta
Sin Etiquetas, Sea el primero en etiquetar este registro!
|
| LEADER | 00768nam a22002295a 4500 | ||
|---|---|---|---|
| 001 | CEM.cems015782 | ||
| 005 | 20141030173526.0 | ||
| 008 | 130507s1979##################000#0#####d | ||
| 003 | CEMS | ||
| 082 | 0 | 4 | |a 574 |
| 100 | 1 | |a Copello, Maitena G. de | |
| 245 | 1 | 0 | |a Biología 1 / |c Maitena G. de Copello, Victoria Perés |
| 260 | |a Buenos Aires : |b Estrada, |c 1979 | ||
| 300 | |a 209 p. | ||
| 505 | 0 | |a Panorama ecológico -- Ciclo de la materia y flujo de la energía -- Individuo y población: Relaciones entre los seres vivos -- La biósfera: | |
| 653 | |a Agua-ciclo | ||
| 653 | |a Biología 1er. año | ||
| 653 | |a Biología | ||
| 653 | |a Carbono-ciclo | ||
| 653 | |a Ecosistema | ||
| 700 | 1 | |a Perés, Victoria | |
| 859 | |a CEMS |b BIB. CEMS - Agricultura |h 574 |i C79 |p A17417.93 |t Ej.1 |v I |3 I | ||
